Á lódáil...

Collingride standard guides roses

Sonraí Bibleagrafaíochta
Príomhúdar: Hollis, L
Formáid: Printed Book
Teanga:Undetermined
English
Foilsithe: London Hamlyn Publishing Group Ltd 1974
Ábhair:
LEADER 00546nam a2200169Ia 4500
008 140306s9999 xx 000 0 und d
041 |a eng 
082 |a 635  |b HOL/CO 
100 |a Hollis, L 
245 |a Collingride standard guides roses 
260 |a London  |b Hamlyn Publishing Group Ltd  |c 1974 
300 |a 240 
365 |b UKP.3.50 
650 |a Flori culture 
942 |2 ddc  |c BK 
999 |c 105719  |d 105719 
952 |0 0  |1 0  |2 ddc  |4 0  |6 635_000000000000000_HOLCO  |7 0  |9 102562  |a KAUHCV  |b KAUHCV  |d 2004-03-16  |g 3.50  |o 635 HOL/CO  |p KAU_HCV-2456  |r 2014-03-22  |w 2014-03-22  |y BK